|
|
|
|
| LEADER |
00000nam0a2200000 4500 |
| 001 |
282906 |
| 005 |
20231101235537.0 |
| 035 |
|
|
|a (RuTPU)RU\TPU\book\306915
|
| 090 |
|
|
|a 282906
|
| 100 |
|
|
|a 20150203d1984 m y0rusy50 ca
|
| 101 |
0 |
|
|a rus
|
| 102 |
|
|
|a RU
|
| 105 |
|
|
|a a j 001zy
|
| 200 |
1 |
|
|a Механическое оборудование общественных зданий и сооружений
|e учебное пособие
|f А. А. Вайнсон, Г. С. Хромов
|g Московский инженерно-строительный институт (МИСИ)
|
| 210 |
|
|
|a Москва
|c [Б. и.]
|d 1984
|
| 215 |
|
|
|a 128 с.
|c ил.
|
| 320 |
|
|
|a Библиогр.: с. 126
|
| 606 |
1 |
|
|a Машинное оборудование сцены
|2 stltpush
|3 (RuTPU)RU\TPU\subj\41407
|9 61200
|
| 610 |
1 |
|
|a зрелищные учреждения
|
| 610 |
1 |
|
|a сцена
|
| 610 |
1 |
|
|a механическое оборудование
|
| 610 |
1 |
|
|a аттракционы
|
| 610 |
1 |
|
|a обзорно-подвижные устройства
|
| 610 |
1 |
|
|a учебные пособия
|
| 675 |
|
|
|a 792.022(075.8)
|v 4
|
| 700 |
|
1 |
|a Вайнсон
|b А. А.
|
| 701 |
|
1 |
|a Хромов
|b Г. С.
|
| 712 |
0 |
2 |
|a Московский инженерно-строительный институт (МИСИ)
|c (1921-1993)
|2 stltpush
|3 (RuTPU)RU\TPU\col\7908
|
| 801 |
|
1 |
|a RU
|b 63413507
|c 20150203
|
| 801 |
|
2 |
|a RU
|b 63413507
|c 20170802
|g RCR
|
| 942 |
|
|
|c BK
|